| 000 | 00594nam a22001817a 4500 | ||
|---|---|---|---|
| 005 | 20231115141803.0 | ||
| 008 | 231115b |||||||| |||| 00| 0 eng d | ||
| 020 | _a9780702195495 | ||
| 041 | _aEnglish | ||
| 082 | _a344.1 BRA | ||
| 100 |
_aBrand, J ; Steadman, F and Todd, C _lEnglish |
||
| 245 |
_aCommercial Mediation : _bA User's Guide / _cJ Brand, F Steadman and C Todd |
||
| 250 | _aFirst Edition | ||
| 260 |
_aCape Town : _bJuta and Company Ltd, _c2012 |
||
| 300 |
_bxv, 124 pages ; _c25,5 cm. |
||
| 650 |
_aLegal practice _bLaw |
||
| 942 |
_cBK _6ALISON_BN_VRIES |
||
| 999 |
_c692 _d692 |
||